| 000 | 00379nam a2200157Ia 4500 | ||
|---|---|---|---|
| 003 | LK-CoDNM | ||
| 005 | 20230923130759.0 | ||
| 008 | 010623t1939 xxu||||| |||| 00| 1 eng d | ||
| 040 |
_aLK-CoDNM _dLK-CoDNM _eLK-CoDNM |
||
| 041 |
_aeng _atam |
||
| 080 | _a12 GG12.1 | ||
| 245 | _aTamil Lexicon | ||
| 260 |
_bUniversity of Madras _c1939 |
||
| 300 | _bxvi,423p., 25 cm | ||
| 942 | _cBK | ||
| 999 |
_c99267 _d99267 |
||